000 00448nam a2200181Ia 4500
005 20240823041202.0
008 240823s9999||||xx |||||||||||||| ||und||
041 _aURUDU
082 _A891.432 P1
100 _aGopi chand Narang
245 0 _aUrdu:Reading in Literary Urdu Prose
250 _a1st
260 _c2001
_bNational Council for Promotion of Urdu Lan
500 _aYES
650 _aUrdu
_bGeneral
942 _cBK
999 _c204897
_d204897